Housing slowdown ongoing (Record no. 73217)
[ view plain ]
| 000 -LEADER | |
|---|---|
| fixed length control field | 01020cam a2200205 4500 |
| 001 - CONTROL NUMBER | |
| control field | WB3931-17 |
| 008 - FIXED-LENGTH DATA ELEMENTS--GENERAL INFORMATION | |
| fixed length control field | 030813n2003 000 0 eng u |
| 035 ## - SYSTEM CONTROL NUMBER | |
| System control number | (Sirsi) u123267 |
| 245 ## - TITLE STATEMENT | |
| Title | Housing slowdown ongoing |
| 260 ## - PUBLICATION, DISTRIBUTION, ETC. | |
| Date of publication, distribution, etc. | 2003 |
| 490 ## - SERIES STATEMENT | |
| Series statement | FPD Savills News Release |
| Volume/sequential designation | 1 August 2003 (1) |
| 520 ## - SUMMARY, ETC. | |
| Summary, etc. | FPD Savills in its latest "UK Residential research bulletin" reports that turnover, rather than house prices, is set to fall in the short term, as a growing number of homeowners stay put and try to add to the value of their property. Highlights that housing supply is unable to meet changing levels in demand. House prices in London and the south east will stagnate in the short term rather than register big falls. http://www.fpdsavills.co.uk/news.asp?content=%5Cuber%5Fnews%5C3512%2Ehtm&subcategory=none&contenttype=news&category= |
| 590 ## - LOCAL NOTE (RLIN) | |
| Local note | WB |
| 650 ## - SUBJECT ADDED ENTRY--TOPICAL TERM | |
| Topical term or geographic name entry element | HOUSE PRICE SURVEYS |
| 650 ## - SUBJECT ADDED ENTRY--TOPICAL TERM | |
| Topical term or geographic name entry element | INTEREST RATES |
| 650 ## - SUBJECT ADDED ENTRY--TOPICAL TERM | |
| Topical term or geographic name entry element | MORTGAGE DEBT |
| 650 ## - SUBJECT ADDED ENTRY--TOPICAL TERM | |
| Topical term or geographic name entry element | FPD SAVILLS |
| 690 ## - LOCAL SUBJECT ADDED ENTRY--TOPICAL TERM (OCLC, RLIN) | |
| Topical term or geographic name as entry element | HOUSING |
| 942 ## - ADDED ENTRY ELEMENTS (KOHA) | |
| Suppress in OPAC | 0 |
| Withdrawn status | Lost status | Source of classification or shelving scheme | Damaged status | Not for loan | Home library | Current library | Shelving location | Date acquired | Total Checkouts | Full call number | Barcode | Date last seen | Copy number | Price effective from | Koha item type |
|---|---|---|---|---|---|---|---|---|---|---|---|---|---|---|---|
| Dewey Decimal Classification | London | London | News article | 13/08/2003 | WB3931-17 | 123267-1001 | 06/08/2019 | 1 | 06/08/2019 | News article |